Case studies of just-in-time implementation at Westinghouse and IBM / (Record no. 159617)

MARC details
000 -LEADER
fixed length control field 00864nam a2200241 a 4500
008 - FIXED-LENGTH DATA ELEMENTS--GENERAL INFORMATION
fixed length control field
020 ## - INTERNATIONAL STANDARD BOOK NUMBER
International Standard Book Number 0935406824 (pbk.)
049 ## - LOCAL HOLDINGS (OCLC)
Holding library MAIN
090 ## - LOCALLY ASSIGNED LC-TYPE CALL NUMBER (OCLC); LOCAL CALL NUMBER (RLIN)
Classification number (OCLC) (R) ; Classification number, CALL (RLIN) (NR) TS157.4
003 - CONTROL NUMBER IDENTIFIER
control field
005 - DATE AND TIME OF LATEST TRANSACTION
control field 20230123134057.0
040 ## - CATALOGING SOURCE
Transcribing agency NUST
245 00 - TITLE STATEMENT
Title Case studies of just-in-time implementation at Westinghouse and IBM /
Statement of responsibility, etc. Spencer Duin ... [et al.].
260 ## - PUBLICATION, DISTRIBUTION, ETC.
Place of publication, distribution, etc. Falls Church, VA :
Name of publisher, distributor, etc. American Production and Inventory Control Society,
Date of publication, distribution, etc. c1986.
300 ## - PHYSICAL DESCRIPTION
Extent v, 50 p. :
Other physical details ill. ;
Dimensions 28 cm.
440 #4 - SERIES STATEMENT/ADDED ENTRY--TITLE
Title The Library of American production
650 #0 - SUBJECT ADDED ENTRY--TOPICAL TERM
Topical term or geographic name entry element Just-in-time systems
General subdivision Case studies.
610 20 - SUBJECT ADDED ENTRY--CORPORATE NAME
Corporate name or jurisdiction name as entry element Westinghouse Electric Corporation
General subdivision Case studies.
610 20 - SUBJECT ADDED ENTRY--CORPORATE NAME
Corporate name or jurisdiction name as entry element International Business Machines Corporation
General subdivision Case studies.
700 1# - ADDED ENTRY--PERSONAL NAME
Personal name Duin, Spencer.
907 ## - LOCAL DATA ELEMENT G, LDG (RLIN)
a .b10069215
b 14-09-05
c 17-04-03
942 ## - ADDED ENTRY ELEMENTS (KOHA)
Koha item type Ordinary Loan Books
Call number prefix TS157.4
Holdings
Date last seen Total Checkouts Full call number Barcode Cost, replacement price Price effective from Koha item type Lost status Source of classification or shelving scheme Damaged status Not for loan Collection Withdrawn status Home library Current library Shelving location Date acquired Cost, normal purchase price
01/23/2023   TS157.4 CAS 92003019386 80.00 01/23/2023 BOOKS   LCC     NFIC   MAIN MAIN GEN 01/23/2023 80.00